| 000 | 00743nam a2200253 i 4500 | ||
|---|---|---|---|
| 001 | 47888 | ||
| 003 | ES-MaACL | ||
| 005 | 20230906161645.0 | ||
| 007 | t| | ||
| 008 | 030625s1999 sp ||||1| spa d | ||
| 020 | _a84-309-3465-0 | ||
| 080 | _a81:1 | ||
| 080 | _a1:81 | ||
| 245 | 0 | 3 |
_aLa búsqueda del significado _b: lecturas de filosofía del lenguaje / _cLuis M. Valdés Villanueva (compilador>. |
| 250 | _a3ª ed. | ||
| 260 |
_aMadrid : _bTecnos, _c1999. |
||
| 300 |
_a717 p. ; _c22 cm. |
||
| 490 | 1 | _aFilosofía y ensayo | |
| 650 | 4 |
_aLenguaje- _xFilosofía. _914344 |
|
| 700 | 1 |
_aValdés Villanueva, Luis M. _9112536 |
|
| 830 | 0 |
_aFilosofía y ensayo _9179242 |
|
| 852 |
_aES-MaACL _jL-26457 _bR.131413 |
||
| 999 |
_c47888 _d47888 |
||